V. I. Lenin a proletářský internacionalismus : [bibliografie] /
Uložené v:
| Ďalší autori: | |
|---|---|
| Médium: | Kniha |
| Jazyk: | Czech |
| Vydané: |
Praha :
Městská knihovna,
1974.
|
| Vydanie: | 2. nezm. vyd. |
| Edícia: | Metodické texty a bibliografie Městské knihovny v Praze
|
| ISBN: |
(brož.) |
| Fyzický popis: |
160, [1] s. |
| Tagy: |
Pridať tag
Žiadne tagy, Buďte prvý kto otaguje tento záznam!
|
Titul je dostupný aj v ... 

MARC
| LEADER | 00000nam a22000001 4500 | ||
|---|---|---|---|
| 001 | 000148607 | ||
| 005 | 20120614104238.0 | ||
| 008 | 970224s1974 xr cze d | ||
| FMT | |||
| 020 | |a (brož.) | ||
| 040 | |a SVKKK |b slo |c SVKKK |e AACR2 | ||
| 041 | 0 | |a cze | |
| 044 | |a xr |c CZ | ||
| 245 | 0 | 0 | |a V. I. Lenin a proletářský internacionalismus : |b [bibliografie] / |c sest. Alexandr Ježek. |
| 250 | |a 2. nezm. vyd. | ||
| 260 | |a Praha : |b Městská knihovna, |c 1974. | ||
| 300 | |a 160, [1] s. | ||
| 366 | |e 200 výt. | ||
| 490 | 1 | |a Metodické texty a bibliografie Městské knihovny v Praze | |
| 504 | |a Názvový register | ||
| 700 | 1 | |a Ježek, Alexandr |4 com | |
| 830 | 0 | |a Metodické texty a bibliografie Městské knihovny v Praze | |
| 910 | |a svkkk | ||
| 998 | |a BK | ||
| OWN | |||
| Z30 | 1 | |l SCK01 |l SCK01 |m BOOK |1 SCKHL |2 SK16 |b Sklad Pribinova 3. posch. |3 V.88619 |6 499988 |q 19740103 |5 2721158384 |8 20060125 |e 0000 |f 20 |s Povinný výt. |h SCKRT |z 2.00 |t 00000000 |u 0000 |w 000148607 |x 000010 | |
| a02 | 0 | |a (brož.) | |
| 090 | |g SCKHL |k Sklad Pribinova 3. posch. |a V.88619 |j 499988 |i 2721158384 |s Povinný výt. | ||